'Orange is the New Black' Characters by Picture Quiz Stats

 Plays Quiz Updated Aug 1, 2015

Also try: TV Goes to Jail
Challenge
Share
Tweet
Score 0/30 Timer 08:00
0 Plays Today
Hint Answer % Correct
Piper Chapman
97.2%
Galina 'Red' Reznikov
96.8%
Suzanne 'Crazy Eyes' Warren
93%
Alex Vause
92.9%
Tasha 'Taystee' Jefferson
81.7%
George Mendez
80.2%
Larry Bloom
76.4%
Nicky Nichols
76.3%
Dayanara Diaz
73.3%
Carrie 'Big Boo' Black
71.4%
Poussey Washington
70.4%
Tiffany 'Pennsatucky' Doggett
68.4%
John Bennett
65.7%
Lorna Morello
65.1%
Sam Healy
65%
Hint Answer % Correct
Sophia Burset
62.6%
'Yoga' Jones
61%
Joe Caputo
54.2%
Gloria Mendoza
51.9%
Sister Ingalls
51.6%
Natalie Figueroa
50.1%
Polly Harper
49.8%
Norma Romano
46.4%
Miss Claudette
46.1%
Aleida Diaz
45.6%
Marisol 'Flaca' Gonzales
43.2%
Tricia Miller
36.4%
Janae Watson
36%
Maritza Ramos
33.9%
Gina Murphy
31.5%

You're not logged in!

Compare scores with friends on all Sporcle quizzes.
OR
Log In

You Might Also Like...

Show Comments

Extras

Top Quizzes Today


Score Distribution

Your Account Isn't Verified!

In order to create a playlist on Sporcle, you need to verify the email address you used during registration. Go to your Sporcle Settings to finish the process.

Report this User

Report this user for behavior that violates our Community Guidelines.

Details: